| 000 | 01151nas a2200349 4500 | ||
|---|---|---|---|
| 001 | BR2016000638 | ||
| 003 | BR-BrBNA | ||
| 005 | 20231205130228.0 | ||
| 007 | ta | ||
| 008 | 230509b bl.|||p| |||| 00| 00por d | ||
| 040 |
_aBR-BrBNA _bpor _cBiblioteca Nacional de Agricultura |
||
| 041 | _a(En) | ||
| 072 | _aL74 | ||
| 100 | 1 | _aSilva, L.C.A. da | |
| 100 | 1 | _aPessoa, D.A. do N. | |
| 100 | 1 | _aLopes, J.R.G. | |
| 100 | 1 | _aSilva, L.S.A. da | |
| 100 | 1 | _aAlbuquerque, L.G. de | |
| 100 | 1 | _aMedeiros, R.M.T. de | |
| 100 | 1 | _aGarino Junior, F. | |
| 100 | 1 | _aRiet-Correa, F. | |
| 245 | 1 | _aResistence Transferance of Amorimia septentrionalis poisoning in goats by ruminal transferance fluid from goats with induced resistance by the inoculation of sodium monofluoroacetate-degrading bacteria | |
| 650 | _aCAPRINO | ||
| 650 | _aPLANTA TÓXICA | ||
| 650 | _aINTOXICAÇÃO ANIMAL | ||
| 650 | _aMORTE SÚBITA | ||
| 650 | _aBACTÉRIA | ||
| 650 | _aINOCULAÇÃO | ||
| 773 | 0 |
_tCiência Rural (Brazil) _xISSN 0103-8478 _g(Dec 2015), v. 45(12) p. 2218-2222 _wBR2016000638 |
|
| 909 |
_a202311 _bLúcia _c55 _dLúcia Elande |
||
| 942 |
_2AGRIS _n0 _cANA |
||
| 999 |
_c248351 _d248351 |
||